00308 2200121 4500001002100000008004100021035002000062245002600082100002000108260003000128084001800158650001000176INLIS000000000001019 ind  a0010-0325001015 aMuslimah Enterpreneur aDawwaba, Asyraf bRAHMA MEDIA PUSTAKAc2006 a153.2.DAW.M.2 aAgama